00628nam a2200229 u 45000010006000000050017000060080041000230200015000640350010000790350020000890400013001090410008001220820008001301000032001382450081001702500009002512600044002603000018003045000040003226500009003627000027003719590120260506081720.0960611s1994 spa  a8449300150 a95901 a(OCoLC)50804687 ccomduadb aspa 4a61210aGreen, Patrick R.4auteaut10aPercepcion visual : manual de fisiologia, psicologia y ecologia de la vision a1.Ed aBarcelona :bEdiciones Paidós,c1994. a641 páginas aCompra:Libreria La Polilla,oct./95. aOjos10aBruce, Vicki4auteaut